<?xml version="1.0" encoding="UTF-8"?>
<record
    xmlns:xsi="http://www.w3.org/2001/XMLSchema-instance"
    xsi:schemaLocation="http://www.loc.gov/MARC21/slim http://www.loc.gov/standards/marcxml/schema/MARC21slim.xsd"
    xmlns="http://www.loc.gov/MARC21/slim">

  <leader>01326nam a2200265 a 4500</leader>
  <controlfield tag="003">DO-SdBNP</controlfield>
  <controlfield tag="005">20250721130658.0</controlfield>
  <controlfield tag="007">ta</controlfield>
  <controlfield tag="008">221110e2022    dr ad||gr|||| 001 edspa d</controlfield>
  <datafield tag="040" ind1=" " ind2=" ">
    <subfield code="a">DO-SdBNP</subfield>
    <subfield code="b">spa</subfield>
    <subfield code="c">BNPHU</subfield>
  </datafield>
  <datafield tag="082" ind1=" " ind2="4">
    <subfield code="2">22</subfield>
    <subfield code="b">M766g</subfield>
  </datafield>
  <datafield tag="100" ind1="1" ind2=" ">
    <subfield code="a">Mont&#xE1;s, Juan Tem&#xED;stocles </subfield>
    <subfield code="d">1950-</subfield>
    <subfield code="9">79676</subfield>
  </datafield>
  <datafield tag="245" ind1=" " ind2=" ">
    <subfield code="a">Los grandes vientos :</subfield>
    <subfield code="b">o c&#xF3;mo las megatendencias de estos tiempos determinan hacia d&#xF3;nde vamos ..., si es que vamos /</subfield>
    <subfield code="c">Juan Tem&#xED;stocles Mont&#xE1;s.</subfield>
  </datafield>
  <datafield tag="260" ind1=" " ind2=" ">
    <subfield code="a">Santo Domingo :</subfield>
    <subfield code="b">Alfa &amp; Omega,</subfield>
    <subfield code="c">2022</subfield>
  </datafield>
  <datafield tag="300" ind1=" " ind2=" ">
    <subfield code="a">263 p. :</subfield>
    <subfield code="b">il., gr&#xE1;f. ;</subfield>
    <subfield code="c">23 cm.</subfield>
  </datafield>
  <datafield tag="500" ind1=" " ind2=" ">
    <subfield code="a">Incluye datos biogr&#xE1;ficos del autor en la solapa de la cubierta.</subfield>
  </datafield>
  <datafield tag="504" ind1=" " ind2=" ">
    <subfield code="a">Bibliograf&#xED;a: p. 255 - 263</subfield>
  </datafield>
  <datafield tag="505" ind1=" " ind2=" ">
    <subfield code="t">1. Introducci&#xF3;n.</subfield>
    <subfield code="t">2. Demograf&#xED;a.--</subfield>
    <subfield code="t">3. Lo urbano como megatendencia.--</subfield>
    <subfield code="t">4. Clase media como megatendencia: caracterizaci&#xF3;n y desaf&#xED;os de pol&#xED;tica en Rep&#xFA;blica Dominicana.--</subfield>
    <subfield code="t">5. El Centro de gravedad del mundo se mueve hacia el este.-</subfield>
    <subfield code="t">6. La gran transformaci&#xF3;n tecnol&#xF3;gica.--</subfield>
    <subfield code="t">7. El cambio clim&#xE1;tico como megatendencia.--</subfield>
    <subfield code="t">8. La problem&#xE1;tica de los recursos naturales.--</subfield>
    <subfield code="t">Bibliograf&#xED;a.</subfield>
  </datafield>
  <datafield tag="590" ind1=" " ind2=" ">
    <subfield code="a">Inventariado 2022 / MF</subfield>
  </datafield>
  <datafield tag="650" ind1=" " ind2="7">
    <subfield code="a">Demograf&#xED;a</subfield>
    <subfield code="9">45443</subfield>
  </datafield>
  <datafield tag="650" ind1=" " ind2="4">
    <subfield code="9">32618</subfield>
    <subfield code="a">Asentamientos urbanos.</subfield>
  </datafield>
  <datafield tag="650" ind1=" " ind2="7">
    <subfield code="a">Ciudades y pueblos</subfield>
    <subfield code="9">32619</subfield>
    <subfield code="z">Am&#xE9;rica Latina</subfield>
  </datafield>
  <datafield tag="910" ind1=" " ind2=" ">
    <subfield code="a">MFeliz</subfield>
  </datafield>
  <datafield tag="942" ind1=" " ind2=" ">
    <subfield code="2">ddc</subfield>
    <subfield code="c">LBS1</subfield>
  </datafield>
  <datafield tag="952" ind1=" " ind2=" ">
    <subfield code="0">0</subfield>
    <subfield code="1">0</subfield>
    <subfield code="2">ddc</subfield>
    <subfield code="5">1</subfield>
    <subfield code="7">0</subfield>
    <subfield code="8">PD</subfield>
    <subfield code="a">BNPHU</subfield>
    <subfield code="b">BNPHU</subfield>
    <subfield code="c">CT</subfield>
    <subfield code="d">2022-08-30</subfield>
    <subfield code="e">Dep&#xF3;sito legal</subfield>
    <subfield code="l">0</subfield>
    <subfield code="o">M766g</subfield>
    <subfield code="p">2022-5144</subfield>
    <subfield code="r">2022-11-10</subfield>
    <subfield code="w">2022-11-10</subfield>
    <subfield code="y">LBS1</subfield>
  </datafield>
  <datafield tag="952" ind1=" " ind2=" ">
    <subfield code="0">0</subfield>
    <subfield code="1">0</subfield>
    <subfield code="2">ddc</subfield>
    <subfield code="5">1</subfield>
    <subfield code="7">0</subfield>
    <subfield code="8">PD</subfield>
    <subfield code="a">BNPHU</subfield>
    <subfield code="b">BNPHU</subfield>
    <subfield code="c">CT</subfield>
    <subfield code="d">2022-08-30</subfield>
    <subfield code="e">Dep&#xF3;sito legal</subfield>
    <subfield code="l">0</subfield>
    <subfield code="o">M766g</subfield>
    <subfield code="p">2022-5145</subfield>
    <subfield code="r">2022-11-10</subfield>
    <subfield code="t">e.2</subfield>
    <subfield code="w">2022-11-10</subfield>
    <subfield code="y">LBS1</subfield>
  </datafield>
  <datafield tag="952" ind1=" " ind2=" ">
    <subfield code="0">0</subfield>
    <subfield code="1">0</subfield>
    <subfield code="2">ddc</subfield>
    <subfield code="5">6</subfield>
    <subfield code="7">0</subfield>
    <subfield code="8">DS</subfield>
    <subfield code="a">BNPHU</subfield>
    <subfield code="b">BNPHU</subfield>
    <subfield code="c">CT</subfield>
    <subfield code="d">2022-08-30</subfield>
    <subfield code="e">Dep&#xF3;sito legal</subfield>
    <subfield code="l">0</subfield>
    <subfield code="o">M766g</subfield>
    <subfield code="p">2022-5146</subfield>
    <subfield code="r">2022-11-10</subfield>
    <subfield code="t">e.3</subfield>
    <subfield code="w">2022-11-10</subfield>
    <subfield code="y">LBS1</subfield>
  </datafield>
  <datafield tag="999" ind1=" " ind2=" ">
    <subfield code="c">52866</subfield>
    <subfield code="d">52866</subfield>
  </datafield>
</record>
